Mcgraw-hill encyclopedia of environmental science & engineering
Guardado en:
| Autor principal: | |
|---|---|
| Formato: | Libro |
| Lenguaje: | Undetermined |
| Publicado: |
New York
McGraw-Hill
1992
|
| Materias: | |
| Etiquetas: |
Agregar Etiqueta
Sin Etiquetas, Sea el primero en etiquetar este registro!
|
| Thư viện lưu trữ: | Trung tâm Học liệu Trường Đại học Cần Thơ |
|---|
| LEADER | 00616nam a2200193Ia 4500 | ||
|---|---|---|---|
| 001 | CTU_148938 | ||
| 008 | 210402s9999 xx 000 0 und d | ||
| 082 | |a 628.03 | ||
| 082 | |b P238 | ||
| 100 | |a Parker, Sybil P. | ||
| 245 | 0 | |a Mcgraw-hill encyclopedia of environmental science & engineering | |
| 245 | 0 | |c Sybil P. Parker, Robert A. Corbitt | |
| 260 | |a New York | ||
| 260 | |b McGraw-Hill | ||
| 260 | |c 1992 | ||
| 650 | |a Environmental engineering,Công nghệ môi trường | ||
| 650 | |x Dictionaries,Từ điển | ||
| 904 | |i Tuyến | ||
| 980 | |a Trung tâm Học liệu Trường Đại học Cần Thơ | ||